000 00434nam a2200181Ia 4500
001 15972
005 20260306170235.0
008 260306t2014||||xx |||||||||||||| ||und||
041 _aESP
082 _a624.171
_bL548
100 _aLiu, G. R.
_eAUT
245 4 _aThe finite element method:
_ba practical course
260 _c2014
300 _a433 hojas :
_c24 cm.
650 _aGEN
654 _aCII
942 _cLIB
_dJUS
_fJUS
_2ddc
_n
999 _c15972
_d15972